000 00636 a2200193 4500
020 _a074840628X
020 _a9780748406289
082 0 4 _a530.4
090 _c1609
_d1609
100 1 _aO'Reilly, Eoin.
245 1 0 _aQuantum theory of solids /
_cEoin O'Reilly.
250 _a1st ed.
260 _a[S.l.] :
_bCRC Press,
_c2002.
300 _a264 p. ;
_c24 cm.
490 1 _aMaster's series in physics and astronomy.
830 0 _aMaster's series in physics and astronomy.
942 _aSNS
_cBK
_k530.4 ORA
999 _c30218
_d30218